<?xml version="1.0" encoding="UTF-8"?>
<collection xmlns="http://www.loc.gov/MARC21/slim">
    <record>
        <controlfield tag="001">88404</controlfield>
        <controlfield tag="005">20200415145253.0</controlfield>
        <datafield tag="024" ind1="7" ind2=" ">
            <subfield code="2">doi</subfield>
            <subfield code="a">10.15584/kpe.2017.5.21</subfield>
        </datafield>
        <datafield tag="024" ind1="8" ind2=" ">
            <subfield code="2">sideral</subfield>
            <subfield code="a">117053</subfield>
        </datafield>
        <datafield tag="037" ind1=" " ind2=" ">
            <subfield code="a">ART-2017-117053</subfield>
        </datafield>
        <datafield tag="041" ind1=" " ind2=" ">
            <subfield code="a">eng</subfield>
        </datafield>
        <datafield tag="100" ind1=" " ind2=" ">
            <subfield code="0">(orcid)0000-0003-1829-672X</subfield>
            <subfield code="a">Soler Santaliestra, Juan Ramón</subfield>
            <subfield code="u">Universidad de Zaragoza</subfield>
        </datafield>
        <datafield tag="245" ind1=" " ind2=" ">
            <subfield code="a">A case study for the design and development of pedagogical awareness in the Teacher Training Master's Degree: didactic strategies and methodology</subfield>
        </datafield>
        <datafield tag="260" ind1=" " ind2=" ">
            <subfield code="c">2017</subfield>
        </datafield>
        <datafield tag="506" ind1="0" ind2=" ">
            <subfield code="a">Access copy available to the general public</subfield>
            <subfield code="f">Unrestricted</subfield>
        </datafield>
        <datafield tag="520" ind1="3" ind2=" ">
            <subfield code="a">Roughly speaking, the European Higher Education Area introduced substantial changes in the structure and development of new curricula. Particularly, when assuming the teaching-learning processes in the Master’s Degree, special attention needs to be carried out to the students’ achievements. Since 2010, the Faculty of Education in the University of Zaragoza implemented the Master in Teacher Training for High School Teachers. One of the main aims is to provide students with the necessary pedagogical knowledge, strategies and procedures to be able to develop professionally. We want to accompany in students’ development, the acquisition of teaching techniques and methodologies, including methodology specific for age of youth, the teachers will be working with. This issue was showed in presented text. The authors pictured, among others, the methods, activities and objectives designed to help students achieve the learning outcomes in the Master’s compulsory Module entitled “Context of the Teaching Task”.</subfield>
        </datafield>
        <datafield tag="540" ind1=" " ind2=" ">
            <subfield code="9">info:eu-repo/semantics/openAccess</subfield>
            <subfield code="a">by-nc-nd</subfield>
            <subfield code="u">http://creativecommons.org/licenses/by-nc-nd/3.0/es/</subfield>
        </datafield>
        <datafield tag="655" ind1=" " ind2="4">
            <subfield code="a">info:eu-repo/semantics/article</subfield>
            <subfield code="v">info:eu-repo/semantics/publishedVersion</subfield>
        </datafield>
        <datafield tag="700" ind1=" " ind2=" ">
            <subfield code="0">(orcid)0000-0003-2033-9792</subfield>
            <subfield code="a">Soler Costa, Rebeca</subfield>
            <subfield code="u">Universidad de Zaragoza</subfield>
        </datafield>
        <datafield tag="710" ind1="2" ind2=" ">
            <subfield code="1">4001</subfield>
            <subfield code="2">215</subfield>
            <subfield code="a">Universidad de Zaragoza</subfield>
            <subfield code="b">Dpto. Ciencias de la Educación</subfield>
            <subfield code="c">Área Didáctica y Organiz. Esc.</subfield>
        </datafield>
        <datafield tag="773" ind1=" " ind2=" ">
            <subfield code="g">5 (2017), 358-369</subfield>
            <subfield code="p">Kult. Przemiany Eduk.</subfield>
            <subfield code="t">Kultura, Przemiany, Edukacja</subfield>
            <subfield code="x">2300-9888</subfield>
        </datafield>
        <datafield tag="856" ind1="4" ind2="1">
            <subfield code="u">https://repozytorium.ur.edu.pl/handle/item/3639</subfield>
            <subfield code="z">Texto completo de la revista</subfield>
        </datafield>
        <datafield tag="856" ind1="4" ind2=" ">
            <subfield code="s">288924</subfield>
            <subfield code="u">http://zaguan.unizar.es/record/88404/files/texto_completo.pdf</subfield>
            <subfield code="y">Versión publicada</subfield>
        </datafield>
        <datafield tag="856" ind1="4" ind2=" ">
            <subfield code="s">286337</subfield>
            <subfield code="u">http://zaguan.unizar.es/record/88404/files/texto_completo.jpg?subformat=icon</subfield>
            <subfield code="x">icon</subfield>
            <subfield code="y">Versión publicada</subfield>
        </datafield>
        <datafield tag="909" ind1="C" ind2="O">
            <subfield code="o">oai:zaguan.unizar.es:88404</subfield>
            <subfield code="p">articulos</subfield>
            <subfield code="p">driver</subfield>
        </datafield>
        <datafield tag="951" ind1=" " ind2=" ">
            <subfield code="a">2020-04-15-13:05:54</subfield>
        </datafield>
        <datafield tag="980" ind1=" " ind2=" ">
            <subfield code="a">ARTICLE</subfield>
        </datafield>
    </record>

    
</collection>